Wyznacz wybrzeże Europy - Statystyki

Ogólne statystyki
  • Ten quiz został rozwiązany 9 070 razy
    9 006 od ostatniego zresetowania
  • Średni wynik to 25 z 39
Odpowiedzi na mapie
Odpowiedzi zakodowano w zielono-czerwonej skali na mapie do tego quizu, zgodnie z poniższymi procentami.
 
Statystyki odpowiedzi
Państwo % Poprawnych
Rosja
100%
Norwegia
73%
Finlandia
72%
Szwecja
72%
Estonia
67%
Litwa
67%
Łotwa
67%
Niemcy
67%
Polska
67%
Rosja
67%
Rosja
67%
Belgia
66%
Dania
66%
Francja
66%
Hiszpania
66%
Hiszpania
66%
Holandia
66%
Niemcy
66%
Portugalia
66%
Francja
62%
Francja
61%
Hiszpania
61%
Monako
61%
Włochy
61%
Chorwacja
60%
Słowenia
60%
Wielka Brytania
60%
Bośnia i Hercegowina
59%
Albania
57%
Chorwacja
57%
Czarnogóra
57%
Grecja
57%
Bułgaria
55%
Turcja
55%
Rumunia
54%
Rosja
53%
Ukraina
53%
Rosja
51%
Ukraina
51%
Nie znaleziono quizów pasujących do podanych kryteriów
Rozkład punktacji
Procent ludzi z każdym wynikiem
Percentyl według liczby udzielonych odpowiedzi
Twoja historia wyników
Nie rozwiązałeś tego quizu od ostatniego zresetowania